[Event "Stuttgart-chA int"]
[Site "Ditzingen"]
[Date "2016.05.05"]
[Round "1"]
[White "Haas, Wilhelm"]
[Black "Haug, Siegmund"]
[Result "1-0"]
[WhiteElo "2191"]
[BlackElo "1937"]
[PlyCount "59"]
[EventDate "2016.05.05"]
[EventType "swiss"]
[EventRounds "7"]
[EventCountry "GER"]
[SourceTitle "EXT 2018"]
[Source "ChessBase"]
[SourceDate "2017.10.13"]
[SourceVersion "1"]
[SourceVersionDate "2017.10.13"]
[SourceQuality "1"]

1. d4 d5 2. Nf3 e6 3. c4 c6 4. e3 f5 5. Nc3 Nf6 6. Bd3 Bd6 7. 0-0 0-0 8. b3 Ne4 9. Bb2 Bd7 10. Ne2 Be8 11. Nf4 Qe7 12. Be2 Nd7 13. Nd3 Kh8 14. Qc2 Bg6 15. Nf4 Bf7 16. Nd3 Bg6 17. Nfe5 Nxe5 18. dxe5 Bc7 19. a4 Rg8 20. f3 Ng5 21. Nf4 Be8 22. Nd3 Bb6 23. c5 Bc7 24. Bd4 Nf7 25. f4 Nh6 26. Nf2 g5 27. Nd3 Qg7 28. g3 gxf4 29. exf4 Ng4 30. Bxg4 1-0

[Event "Deizisau op 9th"]
[Site "Deizisau"]
[Date "2014.10.24"]
[Round "1"]
[White "Hirneise, Tobias"]
[Black "Haug, Siegmund"]
[Result "1-0"]
[WhiteElo "2448"]
[BlackElo "1926"]
[PlyCount "28"]
[EventDate "2014.10.24"]
[EventType "swiss"]
[EventRounds "7"]
[EventCountry "GER"]
[SourceTitle "EXT 2015"]
[Source "ChessBase"]
[SourceDate "2014.11.20"]
[SourceVersion "1"]
[SourceVersionDate "2014.11.20"]
[SourceQuality "1"]

1. d4 d5 2. Nf3 e6 3. c4 c6 4. Qc2 f5 5. Bf4 Nf6 6. e3 Bd6 7. Bxd6 Qxd6 8. Bd3 Ne4 9. Nc3 0-0 10. h3 Na6 11. c5 Qe7 12. Bxa6 bxa6 13. Ne5 Rb8 14. Nxc6 Ra8 1-0

[Event "Stuttgart-chB int"]
[Site "Gerlingen"]
[Date "2011.06.03"]
[Round "5"]
[White "Haug, Siegmund"]
[Black "Rieder, Josef"]
[Result "1-0"]
[WhiteElo "1894"]
[BlackElo "1851"]
[PlyCount "99"]
[EventDate "2011.06.02"]
[EventType "swiss"]
[EventRounds "7"]
[EventCountry "GER"]
[SourceTitle "EXT 2018"]
[Source "ChessBase"]
[SourceDate "2017.10.13"]
[SourceVersion "1"]
[SourceVersionDate "2017.10.13"]
[SourceQuality "1"]

1. d4 d5 2. Nf3 Nf6 3. Bg5 e6 4. Nbd2 c5 5. e3 Nc6 6. c3 Be7 7. Bd3 h6 8. Bh4 c4 9. Bc2 Qc7 10. Qe2 0-0 11. 0-0 e5 12. dxe5 Nxe5 13. Nxe5 Qxe5 14. Bg3 Qe6 15. e4 Nxe4 16. Nxe4 dxe4 17. Qxe4 f5 18. Qxe6+ Bxe6 19. Rfe1 Kf7 20. Be5 Bf6 21. Bd6 Rfd8 22. Rad1 b5 23. Bc5 a6 24. Bb6 Rd7 25. Rxd7+ Bxd7 26. Bd1 Bc6 27. Bc2 g6 28. Rd1 Re8 29. Kf1 Re6 30. Be3 h5 31. a4 bxa4 32. Ra1 Rd6 33. Bxa4 Bb5 34. Bxb5 axb5 35. Ra7+ Ke6 36. Rb7 Rd5 37. Rb6+ Kf7 38. Ke2 g5 39. f4 g4 40. Rb7+ Kg6 41. Rc7 Bg7 42. Rc6+ Kh7 43. g3 Bf8 44. Bd4 Bd6 45. Rc8 Kg6 46. Rg8+ Kh6 47. Rd8 h4 48. Be5 hxg3 49. hxg3 Rd3 50. Rxd6+ 1-0

[Event "Stuttgart-chB int"]
[Site "Gerlingen"]
[Date "2011.06.02"]
[Round "1"]
[White "Haug, Siegmund"]
[Black "Tsybulevsky, Juri"]
[Result "1-0"]
[WhiteElo "1894"]
[BlackElo "1674"]
[PlyCount "51"]
[EventDate "2011.06.02"]
[EventType "swiss"]
[EventRounds "7"]
[EventCountry "GER"]
[SourceTitle "EXT 2018"]
[Source "ChessBase"]
[SourceDate "2017.10.13"]
[SourceVersion "1"]
[SourceVersionDate "2017.10.13"]
[SourceQuality "1"]

1. d4 Nf6 2. Nf3 d6 3. Bg5 e6 4. Nbd2 Be7 5. e4 Nbd7 6. Bd3 h6 7. Bh4 c5 8. c3 e5 9. 0-0 a6 10. Nc4 b5 11. dxe5 dxe5 12. Ncxe5 Qc7 13. Nxd7 Bxd7 14. Bg3 Qb6 15. Qe2 Nh5 16. e5 Nxg3 17. hxg3 Bg4 18. Qe4 Bxf3 19. gxf3 Rd8 20. Rad1 g6 21. f4 Qe6 22. f5 gxf5 23. Qxf5 Qxa2 24. Ra1 Qd5 25. Be4 Qb3 26. Rxa6 1-0

[Event "Stuttgart-chB int"]
[Site "Gerlingen"]
[Date "2011.06.02"]
[Round "2"]
[White "Toenjes, Juergen"]
[Black "Haug, Siegmund"]
[Result "1/2-1/2"]
[WhiteElo "1768"]
[BlackElo "1894"]
[PlyCount "106"]
[EventDate "2011.06.02"]
[EventType "swiss"]
[EventRounds "7"]
[EventCountry "GER"]
[SourceTitle "EXT 2018"]
[Source "ChessBase"]
[SourceDate "2017.10.13"]
[SourceVersion "1"]
[SourceVersionDate "2017.10.13"]
[SourceQuality "1"]

1. d4 f5 2. h3 d6 3. Nf3 Nf6 4. c4 Nc6 5. Nc3 e6 6. Bg5 Be7 7. e3 Ne4 8. Bxe7 Qxe7 9. Bd3 Nxc3 10. bxc3 0-0 11. 0-0 e5 12. d5 Nd8 13. e4 f4 14. Rb1 Nf7 15. Be2 Qf6 16. Nd2 Ng5 17. Bg4 b6 18. Bxc8 Raxc8 19. f3 Qg6 20. Kf2 c6 21. Rb3 cxd5 22. cxd5 Qe8 23. c4 Qa4 24. Rb2 Qa3 25. Qb3 Qc5+ 26. Ke2 Rf6 27. Qd3 Rg6 28. Rb5 Qc7 29. Rfb1 Nf7 30. Kf1 Nd8 31. Qe2 Nb7 32. R5b4 Nc5 33. Rc1 Nd7 34. Qf2 Nc5 35. Qe2 Qd7 36. Nb3 Na6 37. Rb5 Nc7 38. Rb4 Rg3 39. Nd2 Na6 40. Rb2 Qa4 41. Qd1 Qd7 42. Qe2 Nc5 43. Nb3 Na6 44. Nd2 Qa4 45. Qd1 Qa3 46. Qb3 Qc5 47. Qb5 Qa3 48. Qb3 Qc5 49. Qb5 Qxb5 50. Rxb5 Nc5 51. Rcb1 Rg6 52. a4 Nxa4 53. Ra1 a6 1/2-1/2

[Event "Travemuende op 19th"]
[Site "Travemuende"]
[Date "2002.12.27"]
[Round "1"]
[White "Haug, Siegmund"]
[Black "Muse, Mladen"]
[Result "0-1"]
[WhiteElo "1771"]
[BlackElo "2474"]
[PlyCount "48"]
[EventDate "2002.12.21"]
[EventType "swiss"]
[EventRounds "7"]
[EventCountry "GER"]
[SourceTitle "EXT 2004"]
[Source "ChessBase"]
[SourceDate "2003.11.25"]
[SourceVersion "1"]
[SourceVersionDate "2003.11.25"]
[SourceQuality "1"]

1. d4 Nf6 2. e3 g6 3. Bd3 Bg7 4. Nd2 c5 5. f4 cxd4 6. exd4 Qc7 7. Ne2 Nd5 8. Nf3 Nb4 9. c3 Nxd3+ 10. Qxd3 d6 11. Be3 Nd7 12. 0-0 Nb6 13. Ng3 Qc4 14. Qc2 Nd5 15. Rae1 0-0 16. a3 f5 17. Bd2 b5 18. h4 a5 19. h5 Bf6 20. hxg6 hxg6 21. b3 Qc6 22. Rc1 a4 23. c4 axb3 24. cxd5 Qxc2 0-1